| 000 | 00644nam a2200181Ia 4500 | ||
|---|---|---|---|
| 008 | 220216s9999 xx 000 0 und d | ||
| 100 | _aLiyanage A de S | ||
| 245 | 3 | _aAn integrated approach to control of white root disease in Sri Lanka | |
| 260 | _bProceedings of the International Rubber Conference, Colombo, 1984, V1. Part 1; p19-46Proceedings of the International Rubber Conference, Colombo, 1984, V1. Part 2; p499-520 | ||
| 650 | _aDisease control | ||
| 650 | _aSri Lanka | ||
| 650 | _aWhite root disease | ||
| 700 | _aAmaratunga W | ||
| 700 | _aPeries O S | ||
| 700 | _aSenadeera E A T | ||
| 700 | _aWarnapura S S | ||
| 942 | _cJS | ||
| 999 |
_c54152 _d54152 |
||